Rasamayi (Record no. 1385877)

MARC details
000 -LEADER
fixed length control field 00560nam a2200253Ia 4500
008 - FIXED-LENGTH DATA ELEMENTS--GENERAL INFORMATION
fixed length control field 160525s9999||||xx |||||||||||||| ||und||
040 ## - CATALOGING SOURCE
Transcribing agency Marathi
082 ## - DEWEY DECIMAL CLASSIFICATION NUMBER
Classification number VII.A/Bhagwat
082 ## - DEWEY DECIMAL CLASSIFICATION NUMBER
Item number BORI-100387
100 ## - MAIN ENTRY--PERSONAL NAME
Personal name Durga Bhagwat
245 ## - TITLE STATEMENT
Title Rasamayi
300 ## - PHYSICAL DESCRIPTION
Extent 8+270
300 ## - PHYSICAL DESCRIPTION
Dimensions B
300 ## - PHYSICAL DESCRIPTION
Accompanying material Hardbound
530 ## - ADDITIONAL PHYSICAL FORM AVAILABLE NOTE
Uniform Resource Identifier <a href="00100387.pdf">00100387.pdf</a>
563 ## - BINDING INFORMATION
Binding note Study
600 ## - SUBJECT ADDED ENTRY--PERSONAL NAME
Personal name Durga Bhagwat
630 ## - SUBJECT ADDED ENTRY--UNIFORM TITLE
Uniform title Rasamayi
650 ## - SUBJECT ADDED ENTRY--TOPICAL TERM
Topical term or geographic name as entry element Classical Lit.
650 ## - SUBJECT ADDED ENTRY--TOPICAL TERM
Topical term or geographic name as entry element Sanskrit Poetry
700 ## - ADDED ENTRY--PERSONAL NAME
Personal name Durga Bhagwat
730 ## - ADDED ENTRY--UNIFORM TITLE
Uniform title Rasamayi
942 ## - ADDED ENTRY ELEMENTS (KOHA)
Koha item type Book

No items available.